| 000 | 00617nam a22001817a 4500 | ||
|---|---|---|---|
| 005 | 20170906171104.0 | ||
| 010 | _aENG-120126 | ||
| 020 | _c250.00 | ||
| 035 | _aEN-103658 | ||
| 037 | _bDBAD/PUB | ||
| 082 | _a346.54018 | ||
| 100 | _aJerard, F.V | ||
| 245 |
_aGuardians and wards act, 1890 with Madras high cour rules : _ba compendium of supreme court and Madras high court cases / _cby F.V Jerard |
||
| 260 |
_aNagapattinam _bVijaya Victor Publications _c2016 |
||
| 270 |
_aNo. 50, Bungalow Club Road _bNagapattinam |
||
| 300 |
_axxiv, 239p. _c21cm(pbk) |
||
| 942 |
_2ddc _cEN _h346.54018 _mJER |
||
| 999 |
_c143864 _d143864 |
||